Mental Mathematics : (Record no. 9111)

MARC details
000 -LEADER
fixed length control field 00997nam a22002177a 4500
001 - CONTROL NUMBER
control field 9111
003 - CONTROL NUMBER IDENTIFIER
control field FISKH
005 - DATE AND TIME OF LATEST TRANSACTION
control field 20251121105239.0
008 - FIXED-LENGTH DATA ELEMENTS--GENERAL INFORMATION
fixed length control field 251121b cb ||||| |||| 00| 0 eng d
020 ## - INTERNATIONAL STANDARD BOOK NUMBER
International Standard Book Number 9789350895849
040 ## - CATALOGING SOURCE
Original cataloging agency FISKH
Language of cataloging eng
Transcribing agency FISKH
Modifying agency FISKH
082 ## - DEWEY DECIMAL CLASSIFICATION NUMBER
Classification number 510.76
100 ## - MAIN ENTRY--PERSONAL NAME
Personal name Bhanot, Raaj
245 ## - TITLE STATEMENT
Title Mental Mathematics :
Remainder of title Book A /
Statement of responsibility, etc. by T. Raaj Bhanot
260 ## - PUBLICATION, DISTRIBUTION, ETC.
Place of publication, distribution, etc. New Delhi :
Name of publisher, distributor, etc. Dreamland,
Date of publication, distribution, etc. 2016.
300 ## - PHYSICAL DESCRIPTION
Extent 64 pages :
Other physical details color illustrations ;
Dimensions 28 cm
520 ## - SUMMARY, ETC.
Summary, etc. Mental math is a good skill performing math calculations in your head without a calculator or paper. Mental Mathematics Book – A covers various topics like counting, adding, subtracting, shapes, patterns, and more. Perfect as at-home learning or after school, this is wonderful book includes the practice needed to provide students with a strong mathematical foundation for ongoing success.
650 ## - SUBJECT ADDED ENTRY--TOPICAL TERM
Topical term or geographic name entry element Folktale Liberia
Form subdivision African stories
General subdivision problem-solving
942 ## - ADDED ENTRY ELEMENTS (KOHA)
Source of classification or shelving scheme Dewey Decimal Classification
Koha item type Books
Suppress in OPAC No
Holdings
Withdrawn status Lost status Source of classification or shelving scheme Damaged status Not for loan Collection Home library Current library Shelving location Date acquired Total Checkouts Full call number Barcode Date last seen Copy number Price effective from Koha item type
    Dewey Decimal Classification     Reference Footprints International School Library Network Toul Tom Poung Campus Footprints International School Library Network Toul Tom Poung Campus Librarian's Shelf TTP 11/21/2025   BHA 510.76 PZ7 2025-4874 11/21/2025 1 11/21/2025 Books